000 01072cam a2200325Ia 4500
001 5239112
003 ARRUPE
005 20141210165922.0
008 050124s2004 enk b 000 0beng d
020 _a0852445814
035 _a(NNC)5239112
035 _a(OCoLC)ocm61114072
040 _aGZQ
_cGZQ
043 _ae-sp---
050 _aBX4700.E676
_bK26
090 _aBX4705.E676
_bK44 2004
100 1 _aKeenan, William.
_913310
245 1 0 _aSt. Josemaría Escrivá and the origins of Opus Dei :
_bthe day the bells rang out /
_cWilliam Keenan.
246 3 _aSaint Josemaría Escrivá and the origins of Opus Dei
246 3 0 _aDay the bells rang out
260 _aLeominster, Herefordshire :
_bGracewing,
_c2004.
300 _a316 p. ;
_c22 cm.
504 _aIncludes bibliographical references.
600 1 0 _aEscrivá de Balaguer, Josemaría,
_cSaint,
_d1902-1975.
_913311
610 2 0 _aOpus Dei (Society)
_913312
650 0 _aChristian saints
_zSpain
_vBiography.
_98812
942 _2lcc
_cMONOGRAPH
948 1 _a20070802
_bc
_cmps1
_dMPS
999 _c121468
_d121468